[Event "Southern California-ch"]
[Site "USA"]
[Date "1995.??.??"]
[Round "2"]
[White "Saulespurens, Valdis"]
[Black "Peters, Jack"]
[Result "0-1"]
[WhiteElo "2335"]
[BlackElo "2475"]
[PlyCount "118"]
[EventDate "1995.07.??"]
[EventType "tourn"]
[EventRounds "7"]
[EventCountry "USA"]
[EventCategory "4"]
[SourceTitle "EXT 1998"]
[Source "ChessBase"]
[SourceDate "1997.11.17"]
[SourceVersion "1"]
[SourceVersionDate "1997.11.17"]
[SourceQuality "1"]

1. e4 c5 2. Nf3 Nc6 3. c3 d5 4. exd5 Qxd5 5. d4 e6 6. Be2 Nf6 7. 0-0 Be7 8. Na3 0-0 9. Nc4 cxd4 10. cxd4 b6 11. Be3 Bb7 12. a3 Rac8 13. b4 Ne4 14. Rc1 Rfd8 15. b5 Na5 16. Qa4 Nxc4 17. Bxc4 Qd6 18. Qxa7 Rc7 19. Qa4 Qxa3 20. Ra1 Qxa4 21. Rxa4 Rdc8 22. Ra7 Nd6 23. Be2 Bd5 24. Rfa1 f6 25. Kf1 Nf5 26. Bd3 Bb4 27. Ke2 Ba5 28. Rxc7 Rxc7 29. Rc1 Rxc1 30. Bxc1 Kf7 31. Bb2 h6 32. g3 Nd6 33. Nd2 Bb4 34. Ke3 Ke7 35. f3 Bxd2+ 36. Kxd2 Bxf3 37. Ba3 Kd7 38. Kc3 g5 39. Bc1 Bg4 40. Be3 Bf5 41. Be2 Kc7 42. Kb4 Nc8 43. Bc4 Ne7 44. Bf2 Kd6 45. Kc3 Bh3 46. Kb4 Nd5+ 47. Bxd5 Kxd5 48. Bg1 f5 49. Be3 Bf1 50. h4 f4 51. Bf2 gxh4 52. gxh4 h5 53. Bg1 Ke4 54. d5 Kxd5 55. Bxb6 Ke4 56. Bc5 e5 57. b6 Ba6 58. Kc3 Kf3 59. Kd2 e4 0-1